| 000 | 00712nam a2200229 a 4500 | ||
|---|---|---|---|
| 005 | 20180803165255.0 | ||
| 008 | 160108t2003 nyuab fr|||| 001 0 eng d | ||
| 020 | _a0306476967 | ||
| 040 |
_aCO-BoIAVH _cCO-BoIAVH |
||
| 041 | 0 | _aeng | |
| 044 | _axxu | ||
| 082 | 0 | 4 |
_a569.8 _bM36p |
| 100 | 1 | _aMarsh, Laura K. | |
| 245 | 1 |
_aPrimates in fragment: _becology in conservation / _cEdit by Laura K. Marsh |
|
| 260 |
_aNew York : _bKluwer Academic / Plenum Publishers , _cc2003. |
||
| 300 |
_a404 páginas : _bIlustraciones, mapas ; _c26 x 17 cm. |
||
| 650 | 4 | _aPrimates | |
| 650 | 6 | _aEcología | |
| 650 | 6 | _aConservación | |
| 650 | 6 |
_aMonos _xInvestigaciones |
|
| 942 |
_cLIBRO _2ddc |
||
| 999 |
_c5457 _d5457 |
||